书目信息 |
| 题名: |
中国钢琴作品选
|
|
| 作者: | ;中央音乐学院钢琴系 编 | |
| 分册: | ||
| 出版信息: | 北京 人民音乐出版社 1994 |
|
| 页数: | 189页 | |
| 开本: | 30cm | |
| 丛书名: | ||
| 单 册: | ||
| 中图分类: | J647.41 | |
| 科图分类: | ||
| 主题词: | 钢琴谱--中国--现代--选集 , 钢琴谱 | |
| 电子资源: | ||
| ISBN: | 7-103-01214-8 | |
| 000 | 00864nam0 2200229 450 | |
| 001 | 0195005832 | |
| 005 | 20070805170043.75 | |
| 010 | @a7-103-01214-8@dCNY36.40 | |
| 100 | @a20050905e20041994em y0chiy0110 ea | |
| 101 | 0 | @achi |
| 102 | @aCN@b110000 | |
| 105 | @ag z 000yy | |
| 200 | 1 | @a中国钢琴作品选@9zhong guo gang qin zuo pin xuan@f中央音乐学院钢琴系编 |
| 210 | @a北京@c人民音乐出版社@d1994@h2007 | |
| 215 | @a189页@d30cm | |
| 330 | @a在这本曲集中,包括了五十、六十、七十年代一些中、老年作曲家的优秀作品,也收入了八十年代一批年轻作曲家的创作。有:第一新疆舞曲、广东小调“思春”、第一小奏鸣曲、翻身道情、云南民歌五首、百鸟朝凤等。 | |
| 606 | 0 | @a钢琴谱@y中国@z现代@j选集 |
| 606 | 0 | @a钢琴谱 |
| 690 | @aJ647.41@v4 | |
| 711 | 02 | @a中央音乐学院钢琴系@9zhong yang yin yue xue yuan gang qin xi@4编 |
| 801 | 0 | @aCN@bNLC@c20070805 |
| 905 | @a10447@dJ647.41@e122 | |
| 中国钢琴作品选/中央音乐学院钢琴系编.-北京:人民音乐出版社,1994(2007) |
| 189页;30cm |
| ISBN 7-103-01214-8:CNY36.40 |
| 在这本曲集中,包括了五十、六十、七十年代一些中、老年作曲家的优秀作品,也收入了八十年代一批年轻作曲家的创作。有:第一新疆舞曲、广东小调“思春”、第一小奏鸣曲、翻身道情、云南民歌五首、百鸟朝凤等。 |
| ● |
| 相关链接 |
|
|
|
|
正题名:中国钢琴作品选
索取号:J647.41/122
 
预约/预借
| 序号 | 登录号 | 条形码 | 馆藏地/架位号 | 状态 | 备注 |
| 1 | 0809003 | 208090037 | 第一样本阅览室/ [索取号:J647.41/122] | 在馆 | |
| 2 | 0809004 | 208090046 | 第一借阅区/ [索取号:J647.41/122] | 在馆 | |
| 3 | 0809005 | 208090055 | 第一借阅区/ [索取号:J647.41/122] | 在馆 | |
| 4 | 0809006 | 208090064 | 第一借阅区/ [索取号:J647.41/122] | 在馆 | |
| 5 | 0809007 | 208090073 | 第一借阅区/ [索取号:J647.41/122] | 在馆 | |
| 6 | 0809008 | 208090082 | 第一借阅区/ [索取号:J647.41/122] | 在馆 | |
| 7 | 0809009 | 208090091 | 第一借阅区/ [索取号:J647.41/122] | 在馆 | |
| 8 | 0809010 | 208090108 | 音乐系资料室/ [索取号:J647.41/122] | 在馆 | |
| 9 | 0809011 | 208090117 | 密集书库-音乐系/ [索取号:J647.41/122] | 在馆 | |
| 10 | 0809012 | 208090126 | 密集书库-音乐系/ [索取号:J647.41/122] | 在馆 |